<?xml version="1.0" encoding="UTF-8"?>
<record
    xmlns:xsi="http://www.w3.org/2001/XMLSchema-instance"
    xsi:schemaLocation="http://www.loc.gov/MARC21/slim http://www.loc.gov/standards/marcxml/schema/MARC21slim.xsd"
    xmlns="http://www.loc.gov/MARC21/slim">

  <leader>02035nam a2200601 u 4500</leader>
  <controlfield tag="001">102750</controlfield>
  <controlfield tag="005">20260506081756.0</controlfield>
  <controlfield tag="008">960912s1996                        spa  </controlfield>
  <datafield tag="020" ind1=" " ind2=" ">
    <subfield code="a">9586552349</subfield>
  </datafield>
  <datafield tag="035" ind1=" " ind2=" ">
    <subfield code="a">102750</subfield>
  </datafield>
  <datafield tag="035" ind1=" " ind2=" ">
    <subfield code="a">(OCoLC)318356464</subfield>
  </datafield>
  <datafield tag="040" ind1=" " ind2=" ">
    <subfield code="c">comduadb</subfield>
  </datafield>
  <datafield tag="041" ind1=" " ind2=" ">
    <subfield code="a">spa</subfield>
  </datafield>
  <datafield tag="050" ind1=" " ind2="4">
    <subfield code="a">HV</subfield>
  </datafield>
  <datafield tag="080" ind1=" " ind2=" ">
    <subfield code="a">HC</subfield>
  </datafield>
  <datafield tag="080" ind1=" " ind2=" ">
    <subfield code="a">JF</subfield>
  </datafield>
  <datafield tag="080" ind1=" " ind2=" ">
    <subfield code="a">L</subfield>
  </datafield>
  <datafield tag="080" ind1=" " ind2=" ">
    <subfield code="a">AV/</subfield>
  </datafield>
  <datafield tag="082" ind1=" " ind2="4">
    <subfield code="a">362</subfield>
  </datafield>
  <datafield tag="110" ind1="2" ind2="0">
    <subfield code="a">Medell&#xED;n (Antioquia). Alcald&#xED;a. Secretaria de Bienestar Social</subfield>
    <subfield code="4">aut</subfield>
    <subfield code="e">aut</subfield>
    <subfield code="9">833265</subfield>
  </datafield>
  <datafield tag="245" ind1="1" ind2="0">
    <subfield code="a">Diagn&#xF3;stico social de Medellin</subfield>
  </datafield>
  <datafield tag="260" ind1=" " ind2=" ">
    <subfield code="a">Medell&#xED;n :</subfield>
    <subfield code="b">Secretaria de Bienestar Social,</subfield>
    <subfield code="c">1996.</subfield>
  </datafield>
  <datafield tag="300" ind1=" " ind2=" ">
    <subfield code="a">261 p&#xE1;ginas</subfield>
  </datafield>
  <datafield tag="500" ind1=" " ind2=" ">
    <subfield code="a">Donacion:sep./96.</subfield>
  </datafield>
  <datafield tag="610" ind1="2" ind2="7">
    <subfield code="a">Universidad de Antioquia.</subfield>
    <subfield code="b">Instituto de Estudios Regionales</subfield>
    <subfield code="2">viaf</subfield>
    <subfield code="9">828952</subfield>
  </datafield>
  <datafield tag="650" ind1=" " ind2=" ">
    <subfield code="a">Estratificaci&#xF3;n social</subfield>
    <subfield code="9">33061</subfield>
  </datafield>
  <datafield tag="650" ind1=" " ind2="7">
    <subfield code="a">Desarrollo social</subfield>
    <subfield code="2">lemb</subfield>
    <subfield code="9">5445</subfield>
  </datafield>
  <datafield tag="650" ind1=" " ind2=" ">
    <subfield code="a">Medell&#xED;n (Antioquia)</subfield>
    <subfield code="9">36127</subfield>
  </datafield>
  <datafield tag="650" ind1=" " ind2="7">
    <subfield code="a">Pol&#xED;tica social</subfield>
    <subfield code="2">embne</subfield>
    <subfield code="9">159291</subfield>
  </datafield>
  <datafield tag="650" ind1=" " ind2="7">
    <subfield code="a">Poblaci&#xF3;n</subfield>
    <subfield code="2">lemb</subfield>
    <subfield code="9">109945</subfield>
  </datafield>
  <datafield tag="650" ind1=" " ind2="7">
    <subfield code="a">Problemas sociales</subfield>
    <subfield code="2">lemb</subfield>
    <subfield code="9">325</subfield>
  </datafield>
  <datafield tag="650" ind1=" " ind2=" ">
    <subfield code="a">Zonas</subfield>
    <subfield code="9">13701</subfield>
  </datafield>
  <datafield tag="650" ind1=" " ind2=" ">
    <subfield code="a">Medell&#xED;n (Antioquia). Alcald&#xED;a. Secretar&#xED;a de Bienestar Social</subfield>
    <subfield code="9">47694</subfield>
  </datafield>
  <datafield tag="650" ind1=" " ind2="7">
    <subfield code="a">Bienestar social</subfield>
    <subfield code="2">lemb</subfield>
    <subfield code="9">12806</subfield>
  </datafield>
  <datafield tag="650" ind1=" " ind2="7">
    <subfield code="a">Pobreza</subfield>
    <subfield code="2">embne</subfield>
    <subfield code="9">4913</subfield>
  </datafield>
  <datafield tag="650" ind1=" " ind2="7">
    <subfield code="a">Demograf&#xED;a</subfield>
    <subfield code="2">lemb</subfield>
    <subfield code="9">1052</subfield>
  </datafield>
  <datafield tag="650" ind1=" " ind2="7">
    <subfield code="a">Mujeres</subfield>
    <subfield code="2">lemb</subfield>
    <subfield code="9">43319</subfield>
  </datafield>
  <datafield tag="650" ind1=" " ind2=" ">
    <subfield code="a">Ni&#xF1;os</subfield>
    <subfield code="9">575</subfield>
  </datafield>
  <datafield tag="650" ind1=" " ind2="7">
    <subfield code="a">Adolescentes</subfield>
    <subfield code="2">lemb</subfield>
    <subfield code="9">66395</subfield>
  </datafield>
  <datafield tag="650" ind1=" " ind2="7">
    <subfield code="a">Ancianos</subfield>
    <subfield code="2">embne</subfield>
    <subfield code="9">38711</subfield>
  </datafield>
  <datafield tag="650" ind1=" " ind2="7">
    <subfield code="a">Condici&#xF3;n social</subfield>
    <subfield code="2">lemb</subfield>
    <subfield code="9">13472</subfield>
  </datafield>
  <datafield tag="650" ind1=" " ind2="7">
    <subfield code="a">Grupos sociales</subfield>
    <subfield code="2">lemb</subfield>
    <subfield code="9">852</subfield>
  </datafield>
  <datafield tag="650" ind1=" " ind2="7">
    <subfield code="a">Ciudades y pueblos</subfield>
    <subfield code="2">lemb</subfield>
    <subfield code="9">4624</subfield>
  </datafield>
  <datafield tag="650" ind1=" " ind2="7">
    <subfield code="a">Indicadores econ&#xF3;micos</subfield>
    <subfield code="2">lemb</subfield>
    <subfield code="9">10805</subfield>
  </datafield>
  <datafield tag="650" ind1=" " ind2=" ">
    <subfield code="a">Condiciones socioecon&#xF3;micas</subfield>
    <subfield code="9">21361</subfield>
  </datafield>
  <datafield tag="650" ind1=" " ind2=" ">
    <subfield code="a">Servicio social</subfield>
    <subfield code="9">190572</subfield>
  </datafield>
  <datafield tag="650" ind1=" " ind2=" ">
    <subfield code="a">Censos - Antioquia, 1993</subfield>
    <subfield code="9">125488</subfield>
  </datafield>
  <datafield tag="650" ind1=" " ind2=" ">
    <subfield code="a">Demograf&#xED;a - Medell&#xED;n</subfield>
    <subfield code="9">121939</subfield>
  </datafield>
  <datafield tag="700" ind1="1" ind2="0">
    <subfield code="a">Jimenez, Olga Lucia</subfield>
    <subfield code="4">aut</subfield>
    <subfield code="e">aut</subfield>
  </datafield>
  <datafield tag="700" ind1="1" ind2="0">
    <subfield code="a">Henao Delgado, Hern&#xE1;n</subfield>
    <subfield code="4">aut</subfield>
    <subfield code="0">(isni)0000 0000 2773 6414</subfield>
    <subfield code="0">(viaf)75343756</subfield>
    <subfield code="e">aut</subfield>
    <subfield code="9">477223</subfield>
  </datafield>
  <datafield tag="700" ind1="1" ind2="0">
    <subfield code="a">Giraldo B., Juan Carlos</subfield>
    <subfield code="4">aut</subfield>
    <subfield code="e">aut</subfield>
    <subfield code="9">277081</subfield>
  </datafield>
  <datafield tag="942" ind1=" " ind2=" ">
    <subfield code="c">BOOK</subfield>
  </datafield>
  <datafield tag="999" ind1=" " ind2=" ">
    <subfield code="c">93344</subfield>
    <subfield code="d">93344</subfield>
  </datafield>
  <datafield tag="952" ind1=" " ind2=" ">
    <subfield code="0">0</subfield>
    <subfield code="1">0</subfield>
    <subfield code="4">0</subfield>
    <subfield code="7">0</subfield>
    <subfield code="8">ANTIOQUIA</subfield>
    <subfield code="a">BC</subfield>
    <subfield code="b">BC</subfield>
    <subfield code="d">1996-09-12</subfield>
    <subfield code="e">Material adquirido por donaci&#xF3;n</subfield>
    <subfield code="i">C155913</subfield>
    <subfield code="l">0</subfield>
    <subfield code="o">362.986126 M488</subfield>
    <subfield code="p">61000000637674</subfield>
    <subfield code="r">2023-04-22 00:00:00</subfield>
    <subfield code="t">1</subfield>
    <subfield code="w">2023-04-22</subfield>
    <subfield code="y">BOOKI</subfield>
  </datafield>
  <datafield tag="952" ind1=" " ind2=" ">
    <subfield code="0">0</subfield>
    <subfield code="1">0</subfield>
    <subfield code="4">0</subfield>
    <subfield code="7">0</subfield>
    <subfield code="8">ANTIOQUIA</subfield>
    <subfield code="a">BC</subfield>
    <subfield code="b">BC</subfield>
    <subfield code="d">1996-09-12</subfield>
    <subfield code="e">Material adquirido por donaci&#xF3;n</subfield>
    <subfield code="i">C155914</subfield>
    <subfield code="l">0</subfield>
    <subfield code="o">362.986126 M488 e2</subfield>
    <subfield code="p">61000000637559</subfield>
    <subfield code="r">2023-04-22 00:00:00</subfield>
    <subfield code="t">2</subfield>
    <subfield code="w">2023-04-22</subfield>
    <subfield code="y">BOOKI</subfield>
  </datafield>
  <datafield tag="952" ind1=" " ind2=" ">
    <subfield code="0">0</subfield>
    <subfield code="1">0</subfield>
    <subfield code="4">0</subfield>
    <subfield code="7">0</subfield>
    <subfield code="8">GENERAL</subfield>
    <subfield code="a">BE</subfield>
    <subfield code="b">BE</subfield>
    <subfield code="d">1998-04-02</subfield>
    <subfield code="i">C233416</subfield>
    <subfield code="l">0</subfield>
    <subfield code="o">JF2281 D5-96</subfield>
    <subfield code="p">61000001113709</subfield>
    <subfield code="r">2023-04-22 00:00:00</subfield>
    <subfield code="t">3</subfield>
    <subfield code="w">2023-04-22</subfield>
    <subfield code="y">BOOK</subfield>
  </datafield>
  <datafield tag="952" ind1=" " ind2=" ">
    <subfield code="0">0</subfield>
    <subfield code="1">0</subfield>
    <subfield code="4">0</subfield>
    <subfield code="7">0</subfield>
    <subfield code="8">GENERAL</subfield>
    <subfield code="a">BR</subfield>
    <subfield code="b">BR</subfield>
    <subfield code="d">1998-02-26</subfield>
    <subfield code="i">C223838</subfield>
    <subfield code="l">0</subfield>
    <subfield code="o">HV697 M4d</subfield>
    <subfield code="p">61000000374146</subfield>
    <subfield code="r">2023-04-22 00:00:00</subfield>
    <subfield code="t">5</subfield>
    <subfield code="w">2023-04-22</subfield>
    <subfield code="y">BOOK</subfield>
  </datafield>
  <datafield tag="952" ind1=" " ind2=" ">
    <subfield code="0">0</subfield>
    <subfield code="1">0</subfield>
    <subfield code="4">0</subfield>
    <subfield code="7">0</subfield>
    <subfield code="8">SEMIACTIV2</subfield>
    <subfield code="a">BSP</subfield>
    <subfield code="b">BSP</subfield>
    <subfield code="d">1998-05-26</subfield>
    <subfield code="i">C255644</subfield>
    <subfield code="l">0</subfield>
    <subfield code="o">HC196 M4d-96</subfield>
    <subfield code="p">61000000455374</subfield>
    <subfield code="r">2023-04-22 00:00:00</subfield>
    <subfield code="t">7</subfield>
    <subfield code="w">2023-04-22</subfield>
    <subfield code="y">BOOK</subfield>
  </datafield>
  <datafield tag="952" ind1=" " ind2=" ">
    <subfield code="0">0</subfield>
    <subfield code="1">0</subfield>
    <subfield code="4">0</subfield>
    <subfield code="7">0</subfield>
    <subfield code="8">GENERAL</subfield>
    <subfield code="a">CIE</subfield>
    <subfield code="b">CIE</subfield>
    <subfield code="d">2003-08-04</subfield>
    <subfield code="i">C799349</subfield>
    <subfield code="l">0</subfield>
    <subfield code="o">L/15779</subfield>
    <subfield code="p">61000004398258</subfield>
    <subfield code="r">2023-04-22 00:00:00</subfield>
    <subfield code="t">8</subfield>
    <subfield code="w">2023-04-22</subfield>
    <subfield code="y">BOOK</subfield>
  </datafield>
  <datafield tag="952" ind1=" " ind2=" ">
    <subfield code="0">0</subfield>
    <subfield code="1">0</subfield>
    <subfield code="4">0</subfield>
    <subfield code="7">0</subfield>
    <subfield code="8">GENERAL</subfield>
    <subfield code="a">INER</subfield>
    <subfield code="b">INER</subfield>
    <subfield code="d">2007-02-01</subfield>
    <subfield code="i">C937450</subfield>
    <subfield code="l">0</subfield>
    <subfield code="o">Av/1489 e2</subfield>
    <subfield code="p">0637952</subfield>
    <subfield code="r">2023-04-22 00:00:00</subfield>
    <subfield code="t">10</subfield>
    <subfield code="w">2023-04-22</subfield>
    <subfield code="y">BOOK</subfield>
  </datafield>
</record>
